Statistics for Challenge Typing #8: Numbers 50-1 backwards in 20 seconds

Click here to take the quiz!

General Stats

  • This quiz has been taken 125 times
  • The average score is 30 of 50

Answer Stats

HintAnswer% Correct
4141
100%
4242
100%
4343
100%
4444
100%
4545
100%
4646
100%
4747
100%
4848
100%
4949
100%
5050
100%
3838
96%
3939
96%
4040
96%
3333
91%
3434
91%
3535
91%
3636
91%
3737
91%
3232
87%
3131
78%
3030
70%
2929
65%
2222
61%
2323
61%
2424
61%
2525
61%
2626
61%
2727
61%
2828
61%
2121
43%
1919
39%
2020
39%
1818
35%
1313
30%
1414
30%
1515
30%
1616
30%
1717
30%
1212
26%
1010
22%
1111
22%
11
17%
22
17%
33
17%
44
17%
55
17%
66
17%
77
17%
88
17%
99
17%

Score Distribution

Percentile by Number Answered

Percent of People with Each Score

Your Score History

You have not taken this quiz